| 000 | 00344nam a22001337a 4500 | ||
|---|---|---|---|
| 020 | _qPB. | ||
| 040 | _cFIZZA ISHAQ | ||
| 082 |
_a690.892 _bNEI |
||
| 100 |
_aSAUTHORN, NEIL. _990167 |
||
| 245 |
_aFARM BUILDING PLANNING AND CONSTRUCTION / _cNEIL SAUTHORN. |
||
| 260 |
_aNEW YORK ; _bBUTTERWORTH, _c1966. |
||
| 300 | _a545 P. ; | ||
| 942 |
_2ddc _cBK |
||
| 999 |
_c588529 _d588529 |
||